000 00490nam a2200181Ia 4500
005 20250508152340.0
008 008 250505s9999 xx 000 0 eng d
037 _aTextual
040 _aFEDL
_beng
_cFEDL
041 _aeng
_2eng
084 _a929.902, KAN
_qFEDL
100 _aKannik Preben
_9761256
245 0 _aHandbook of flage
260 _aLondon, UK
_bMethuen and Co. Ltd.
_c1958
300 _a203p
942 _cTEXL
_h929.902, KAN
999 _c1335842
_d1335842